ბათუმის შოთა რუსთაველის სახელმწიფო უნივერსიტეტის ბიბლიოთეკა

Soil Mechanics and Foundations / (ბიბ.ჩანაწერი № 42884)

000 -LEADER
fixed length control field 00629nam a2200217Ia 4500
001 - CONTROL NUMBER
control field 9593
003 - CONTROL NUMBER IDENTIFIER
control field GE_BSU
005 - DATE AND TIME OF LATEST TRANSACTION
control field 20221116141529.0
008 - FIXED-LENGTH DATA ELEMENTS--GENERAL INFORMATION
fixed length control field 181216s||||||||xx |||||||||||||| ||und||
020 ## - INTERNATIONAL STANDARD BOOK NUMBER
International Standard Book Number 9780470556849x
040 ## - CATALOGING SOURCE
Transcribing agency GE_BSU
041 ## - LANGUAGE CODE
Language code of text/sound track or separate title eng
080 ## - UNIVERSAL DECIMAL CLASSIFICATION NUMBER
Universal Decimal Classification number 624 B-94
100 ## - MAIN ENTRY--PERSONAL NAME
Personal name Budhu,Muni
9 (RLIN) 15852
245 ## - TITLE STATEMENT
Title Soil Mechanics and Foundations /
Statement of responsibility, etc. Muni Budhu.
264 ## - PRODUCTION, PUBLICATION, DISTRIBUTION, MANUFACTURE, AND COPYRIGHT NOTICE
Place of production, publication, distribution, manufacture New York :
Name of producer, publisher, distributor, manufacturer Wiley,
Date of production, publication, distribution, manufacture, or copyright notice 2011.
300 ## - PHYSICAL DESCRIPTION
Extent 761 p. :
Other physical details 27cm.
Dimensions ill.
653 ## - INDEX TERM--UNCONTROLLED
keyword Soil Mechanics and Foundations
653 ## - INDEX TERM--UNCONTROLLED
keyword ნიადაგის მექანიკა და საძირკვლები
942 ## - ADDED ENTRY ELEMENTS (KOHA)
Koha item type წიგნი
Source of classification or shelving scheme
ეგზემპლარები
Withdrawn status Lost status Source of classification or shelving scheme Damaged status Not for loan Permanent Location Current Location Shelving location Date acquired Cost, normal purchase price Full call number Barcode Date last seen Copy number Price effective from Koha item type Public note
          ბათუმის შოთა რუსთაველის სახელმწიფო უნივერსიტეტის მთავარი ბიბლიოთეკა ტექნოლოგიური ფაკულტეტის ბიბლიოთეკა წიგნსაცავი 2018-12-17 173.00 624 B-94 32677 2018-12-17 32677 2018-12-17 წიგნი 173.00